Libertad e igualdad religiosas en el estado de derecho : una actualización de su formulación constitucional para una sociedad plural /
Guardado en:
| Autor Principal: | |
|---|---|
| Formato: | Libro |
| Idioma: | Spanish |
| Publicado: |
Ciudad Autonoma de Buenos Aires :
La Ley; Departamento de publicaciones UBA,
2017.
|
| Edición: | 1a. ed. |
| Series: | Colección Facultad de Derecho - Derecho Constitucional y Teoría del Estado
|
| Materias: | |
| Etiquetas: |
Agregar Etiqueta
Sin Etiquetas, Sea el primero en etiquetar este registro!
|
| LEADER | 00790nam a22001935a 4500 | ||
|---|---|---|---|
| 001 | DER.der013426 | ||
| 008 | 180615s2017####ag#||||||||||||||#||spa|| | ||
| 005 | 20240219102108.0 | ||
| 245 | 1 | 0 | |a Libertad e igualdad religiosas en el estado de derecho : |b una actualización de su formulación constitucional para una sociedad plural / |c Horacio R. Bermúdez. |
| 250 | |a 1a. ed. | ||
| 260 | |a Ciudad Autonoma de Buenos Aires : |b La Ley; Departamento de publicaciones UBA, |c 2017. | ||
| 300 | |a 226 p. | ||
| 020 | |a 9789870330493 | ||
| 100 | 1 | |a Bermúdez, Horacio R. | |
| 830 | 0 | |a Colección Facultad de Derecho - Derecho Constitucional y Teoría del Estado | |
| 650 | 7 | |a LIBERTAD DE CULTO | |
| 650 | 7 | |a RELACION IGLESIA - ESTADO | |
| 650 | 7 | |a CONSTITUCION NACIONAL | |
| 859 | |a DERECHO |b BIB. DERECHO |h 342 |i BER |p 008378 | ||
